Metoda focus group - příklad kvalitativní metodologie

Bibliographic Details
Main Author: Svatoš, Tomáš, 1950- (Author)
Format: Article
Language:Czech
PhysicalDescription:Obr., tab.
ISSN:1335-1982
Subjects:

MARC

LEADER 00000nab a2200000 a 4500
001 vtls010573592
003 SK-MaSNL
005 20260303231539.0
008 140624c2010 xo br|p|||an |000 b|cze
015 |a SNBRB2014/01 
038 |a SPK 
040 |a SPKCL  |b slo  |c AACR2  |e AACR2 
041 0 |a cze  |b cze 
044 |a xo  |c SK 
072 7 |a 3  |x Spoločenské vedy  |2 konspekt 
072 7 |a 00  |x Veda. Všeobecnosti. Základy vedy a kultúry. Vedecká práca  |2 konspekt 
072 7 |a 316.3  |x Globálne spoločnosti. Sociálna štruktúra. Sociálne skupiny  |2 konspekt 
080 |a 303.022  |2 2001 
080 |a 001.8  |2 2001 
080 |a 316.35  |2 2001 
100 1 |a Svatoš, Tomáš,  |d 1950-  |4 aut  |9 243750 
245 1 0 |a Metoda focus group - příklad kvalitativní metodologie  |c Tomáš Svatoš 
300 |b Obr., tab. 
504 |a Bibliogr. odkazy 
546 |a Res. čes. 
650 0 7 |a sociálny výskum  |2 snkbucl  |9 69509 
650 0 7 |a kvalitatívny výskum  |2 snkbucl  |9 71828 
650 0 7 |a rozhovor  |2 snkbucl  |9 23484 
650 0 7 |a sociálne skupiny  |2 snkbucl  |9 1670 
650 0 7 |a metodológia  |2 snkbucl  |9 3854 
650 0 7 |a kvalita života  |2 snkbucl  |9 1705 
650 0 7 |a deti a mládež  |2 snkbucl  |9 774 
773 0 |t Pedagogická revue  |g Roč. 62, č. 1-2 (2010), s. [23]-41  |x 1335-1982 
852 |a SPK  |b KIS3GCP 
958 |a NB  |2 snkbucl 
999 |c 2267393  |d 2269323